Los jardines estatuarios /
El ciclo de las regiones es una serie de novelas épicas sobre países imaginarios donde gobierna el Imperio Terrèbre. La saga de literatura francesa, escrita por Jacques Abeille, inició su publicación en 1982 y contiene los títulos: I) Los jardínes estatuarios; II) El vigilante del día; III) Los viaj...
Uloženo v:
| Hlavní autor: | |
|---|---|
| Další autoři: | |
| Médium: | Kniha |
| Jazyk: | španělština |
| Vydáno: |
Madrid, España :
Sexto Piso,
2014, c2014
|
| Edice: | (Narrativa Sexto Piso)
|
| Témata: | |
| Tagy: |
Žádné tagy, Buďte první, kdo vytvoří štítek k tomuto záznamu!
|
MARC
| LEADER | 00000nam^a2200000^a^4500 | ||
|---|---|---|---|
| 001 | 000352503 | ||
| 005 | 20250521000000.0 | ||
| 009 | 20260310115041.224 | ||
| 020 | |a 978-84-15601-65-4 | ||
| 037 | |a Acervo ITESO - Biblioteca | ||
| 041 | |a ESP | ||
| 082 | |a 843. |b ABE V. 1 | ||
| 100 | |a Abeille, Jacques |e (autor) | ||
| 240 | 1 | 3 | |a [El ciclo de las regiones] |
| 245 | 1 | 4 | |a Los jardines estatuarios / |c J. Abeille ; tr. por L.M. Todó. |
| 264 | 4 | |a Madrid, España : |b Sexto Piso, |c 2014, c2014 | |
| 300 | |a 459 p. | ||
| 336 | |a texto |b txt |2 rdacontenido | ||
| 337 | |a sin mediación |b n |2 rdamedio | ||
| 338 | |a volumen |b nc |2 rdasoporte | ||
| 440 | |a (Narrativa Sexto Piso) | ||
| 520 | |a El ciclo de las regiones es una serie de novelas épicas sobre países imaginarios donde gobierna el Imperio Terrèbre. La saga de literatura francesa, escrita por Jacques Abeille, inició su publicación en 1982 y contiene los títulos: I) Los jardínes estatuarios; II) El vigilante del día; III) Los viajes de los hijos; IV) Las crónicas de la escandalosa Terrèbre; V) Los bárbaros; VI) La barbarie. Acompañan a la serie un par de obras fuera de numeración: Las sombras de Clef y Los cuadernos del explorador perdido. | ||
| 649 | |a XX | ||
| 650 | |a Novela Francesa | ||
| 650 | |a Literatura Francesa - |y Siglo XX | ||
| 650 | |a Literatura Epica - |z Francia | ||
| 700 | |a Todó, Lluis Maria |e (traducción) | ||
| 910 | |a Fondo General | ||
| 920 | |a Impresos - Libros | ||
| 930 | |a Colección General | ||
| 940 | |a Literatura | ||
| 905 | |a 101 | ||
| 901 | |a 0500244078 |b IT1 |c LIT |i C141886 |u 20250521 | ||
| 902 | |a https://opac.biblio.iteso.mx/vufind/Record/000352503 | ||